[Event "Znojemska rotunda 2003"]
[Site "?"]
[Date "????.??.??"]
[Round "1"]
[White "Holemar, David"]
[Black "Stanek, Petr"]
[Result "1/2-1/2"]
[WhiteElo "2311"]
[BlackElo "1780"]
[PlyCount "107"]

1. d4 d5 2. c4 c6 3. Nf3 Nf6 4. Bg5 e6 5. e3 Nbd7 6. Nc3 Qa5 7. Nd2 dxc4 8.
Bxf6 Nxf6 9. Nxc4 Qc7 10. Bd3 Be7 11. O-O O-O 12. Rc1 a6 13. a4 c5 14. a5 cxd4
15. exd4 Qf4 16. g3 Qh6 17. Qf3 Rb8 18. Ne5 Bd7 19. d5 Bd6 20. Nxd7 Nxd7 21.
dxe6 Qxe6 22. Bf5 Ne5 23. Qe4 Qh6 24. Rcd1 Bc7 25. Nd5 Bd6 26. Ne3 Bc7 27. Rd5
g6 28. Rxe5 Bxe5 29. Qxe5 Rfe8 30. Qf6 Qg7 31. Qxg7+ Kxg7 32. Bg4 b5 33. Nd5
Re4 34. Bf3 Ra4 35. b4 Ra3 36. Bg2 Rd8 37. Rc1 Rd6 38. h4 Rb3 39. h5 Rd3 40.
Rc5 Rd4 41. Kh2 Rd2 42. f4 Re6 43. f5 gxf5 44. Nf4 Re4 45. Rc6 Rxb4 46. h6+ Kf8
47. Rxa6 Ra4 48. Ra8+ Ke7 49. a6 Rd6 50. a7 Rxh6+ 51. Kg1 Rha6 52. Nd5+ Kd7 53.
Nb6+ Rxb6 54. Rb8 1/2-1/2

[Event "Znojemska rotunda 2003"]
[Site "?"]
[Date "????.??.??"]
[Round "1"]
[White "Antos, Jakub"]
[Black "Skaroupka, Jiri"]
[Result "1/2-1/2"]
[WhiteElo "1751"]
[BlackElo "2105"]
[PlyCount "64"]

1. e4 d6 2. d4 Nf6 3. Nc3 g6 4. Bc4 Bg7 5. Nf3 c6 6. h3 d5 7. exd5 cxd5 8. Bb5+
Bd7 9. Bxd7+ Nbxd7 10. O-O O-O 11. Re1 Rc8 12. Qd3 e6 13. Bf4 Qb6 14. Nd1 Ne4
15. c4 Qa6 16. Ne3 Nef6 17. b3 dxc4 18. Nxc4 Rfd8 19. Qe2 Nd5 20. Be5 N7f6 21.
Rac1 Rc6 22. Bxf6 Bxf6 23. Nfe5 Rc7 24. a4 Ne7 25. Qf3 Nd5 26. Ne3 Bxe5 27.
dxe5 Rxc1 28. Rxc1 Nxe3 29. Qxe3 Qa5 30. Rc4 a6 31. g3 Qd5 32. Rc7 Rd7 1/2-1/2

[Event "Znojemska rotunda 2003"]
[Site "?"]
[Date "????.??.??"]
[Round "1"]
[White "Svihel, Karel"]
[Black "Skovron, Josef"]
[Result "1-0"]
[WhiteElo "2136"]
[BlackElo "1761"]
[PlyCount "73"]

1. c4 Nf6 2. Nc3 e5 3. Nf3 Nc6 4. g3 a6 5. Bg2 Bc5 6. a3 d6 7. O-O O-O 8. b4
Ba7 9. Bb2 h6 10. d3 Be6 11. h3 Qd7 12. Kh2 Rab8 13. Nd2 Nh7 14. Nd5 Ne7 15.
Qc2 Nxd5 16. cxd5 Bf5 17. Rac1 Rbc8 18. Nc4 b5 19. Na5 Bb6 20. Nc6 Bg6 21. f4
exf4 22. gxf4 Rfe8 23. e4 f6 24. Rce1 Bh5 25. Qd2 Rf8 26. Bf3 Bxf3 27. Rxf3 Qf7
28. Rg3 Kh8 29. Re2 Qh5 30. Ne7 Rce8 31. Nf5 Rf7 32. Reg2 Rg8 33. Rg4 Rd7 34.
R2g3 Qe8 35. Nxh6 Rf8 36. Nf5 g5 37. fxg5 1-0

[Event "Znojemska rotunda 2003"]
[Site "?"]
[Date "????.??.??"]
[Round "1"]
[White "Prokopec, Zdenek"]
[Black "Most, Zdenek"]
[Result "0-1"]
[WhiteElo "1680"]
[BlackElo "2089"]
[PlyCount "56"]

1. e4 d6 2. d4 Nf6 3. Nc3 g6 4. Nf3 Bg7 5. Be3 O-O 6. Be2 a6 7. O-O b5 8. a3
Bb7 9. Bd3 Nbd7 10. Re1 Rc8 11. d5 c6 12. dxc6 Bxc6 13. Bd2 Qc7 14. Qe2 Bb7 15.
h3 Rfe8 16. Nh2 Nb6 17. Ng4 Nxg4 18. Qxg4 Bxc3 19. Bxc3 Na4 20. Bd4 e5 21. Be3
Nxb2 22. Bg5 Na4 23. Rac1 Nc5 24. Bf6 Qd7 25. Qg5 Qe6 26. f4 Nd7 27. fxe5 dxe5
28. Rf1 Rc6 0-1

[Event "Znojemska rotunda 2003"]
[Site "?"]
[Date "????.??.??"]
[Round "1"]
[White "Havel, Vojtech"]
[Black "Ruzickova, Radka"]
[Result "0-1"]
[WhiteElo "1364"]
[BlackElo "1839"]
[PlyCount "114"]

1. d4 Nf6 2. c4 g6 3. Nf3 Bg7 4. Bf4 d6 5. Nc3 O-O 6. e3 Bf5 7. Be2 Nc6 8. O-O
Re8 9. Nh4 Bd7 10. Re1 e5 11. Bg3 exd4 12. exd4 Ne4 13. Nxe4 Rxe4 14. Nf3 Nxd4
15. Nxd4 Rxd4 16. Qb3 Bc6 17. Rad1 Rxd1 18. Rxd1 Qf6 19. Rd2 Re8 20. Qc2 Bh6
21. Rd1 Qe6 22. Bd3 Bg7 23. b3 Qg4 24. h3 Qg5 25. Bf1 h5 26. Bh2 Bf3 27. Rd3
Be4 28. Qe2 Bc6 29. Qd1 Qa5 30. Rd2 Bc3 31. Re2 Rxe2 32. Qxe2 Be5 33. f4 Bd4+
34. Kh1 Qf5 35. Bg3 Qxh3+ 36. Bh2 Qe3 37. Qd1 h4 38. Qe2 Qxe2 39. Bxe2 h3 40.
Bf1 hxg2+ 41. Bxg2 Bxg2+ 42. Kxg2 Kg7 43. Kf3 f5 44. Bg3 Kf6 45. Bh4+ Ke6 46.
Ke2 Bf6 47. Bf2 a6 48. Be3 d5 49. cxd5+ Kxd5 50. Kd3 c5 51. a4 b5 52. axb5 axb5
53. Bd2 c4+ 54. bxc4+ bxc4+ 55. Kc2 c3 56. Be3 Ke4 57. Bc1 Bd4 0-1

[Event "Znojemska rotunda 2003"]
[Site "?"]
[Date "????.??.??"]
[Round "1"]
[White "Dvorak, Libor"]
[Black "Stanek, Karel"]
[Result "1-0"]
[WhiteElo "2074"]
[BlackElo "1629"]
[PlyCount "69"]

1. Nf3 Nf6 2. c4 d5 3. g3 c6 4. Bg2 Bf5 5. b3 Nbd7 6. Bb2 e6 7. d3 Bc5 8. Nbd2
O-O 9. O-O Qc7 10. Qc2 e5 11. cxd5 cxd5 12. Rac1 Rac8 13. Qb1 Qd6 14. e4 dxe4
15. dxe4 Be6 16. h3 b5 17. Qa1 Rfd8 18. Rfd1 Qb6 19. Rf1 Qd6 20. Rcd1 Qc6 21.
Nxe5 Nxe5 22. Bxe5 Be7 23. Bxf6 gxf6 24. e5 Bd5 25. Bxd5 Rxd5 26. Rc1 Qe6 27.
Rxc8+ Qxc8 28. exf6 Rxd2 29. fxe7 Re2 30. Re1 Qe6 31. Rxe2 Qxe2 32. Qf6 Qe1+
33. Kh2 Qe2 34. Qg5+ Kh8 35. Qe3 1-0

[Event "Znojemska rotunda 2003"]
[Site "?"]
[Date "????.??.??"]
[Round "1"]
[White "Dolezal, Rudolf"]
[Black "Jurica, Peter"]
[Result "1/2-1/2"]
[WhiteElo "1768"]
[BlackElo "2163"]
[PlyCount "60"]

1. e4 Nf6 2. Nc3 d5 3. exd5 Nxd5 4. Nxd5 Qxd5 5. d4 e5 6. dxe5 Qxd1+ 7. Kxd1
Nc6 8. f4 Bf5 9. Bd3 O-O-O 10. Nf3 Nb4 11. Ke2 Nxd3 12. cxd3 Bxd3+ 13. Kf2 Be7
14. Be3 Rd5 15. Rhd1 Rhd8 16. Ne1 Be4 17. Rxd5 Rxd5 18. Nf3 Kd7 19. Rc1 f6 20.
exf6 Bxf6 21. Ne5+ Bxe5 22. fxe5 Rxe5 23. Bf4 Rf5 24. Ke3 Bc6 25. h4 Ra5 26. a3
Rb5 27. b4 a5 28. Rc4 Rd5 29. g3 axb4 30. axb4 g6 1/2-1/2

[Event "Znojemska rotunda 2003"]
[Site "?"]
[Date "????.??.??"]
[Round "1"]
[White "Vlk, Miroslav"]
[Black "Dvorak, Miloslav"]
[Result "1-0"]
[WhiteElo "2063"]
[BlackElo "1541"]
[PlyCount "77"]

1. d4 g6 2. c4 Bg7 3. Nc3 Nf6 4. e4 d6 5. f3 O-O 6. Bd3 Nbd7 7. Nge2 e5 8. d5
a6 9. O-O c5 10. dxc6 Qb6+ 11. Kh1 Qxc6 12. Be3 Nc5 13. b4 Nxd3 14. Qxd3 Be6
15. Nd5 Rfe8 16. b5 axb5 17. cxb5 Qc8 18. Nb6 Qc7 19. Rfc1 Qe7 20. Nxa8 Rxa8
21. a4 d5 22. Bc5 Qd8 23. Nc3 d4 24. Ne2 Qa5 25. Bd6 Ne8 26. Bc5 b6 27. Be7 Qa7
28. Bb4 f5 29. Ng3 fxe4 30. Nxe4 Bf5 31. a5 bxa5 32. Rxa5 Qb7 33. Rxa8 Qxa8 34.
Qc4+ Kh8 35. Qc6 Qd8 36. Ng5 Qd7 37. Qxd7 Bxd7 38. b6 d3 39. b7 1-0

[Event "Znojemska rotunda 2003"]
[Site "?"]
[Date "????.??.??"]
[Round "1"]
[White "Majer, Jiri"]
[Black "Galvanek, Ladislav"]
[Result "0-1"]
[WhiteElo "1572"]
[BlackElo "2067"]
[PlyCount "54"]

1. Nf3 d5 2. d4 Nf6 3. g3 c5 4. Bg2 Nc6 5. Nc3 Bf5 6. a3 e6 7. Bg5 Be7 8. dxc5
Bxc5 9. b4 Be7 10. b5 Na5 11. Nh4 Bg4 12. Qd4 Rc8 13. O-O Rc4 14. Qd3 O-O 15.
e4 Qc7 16. Bf4 e5 17. Bd2 dxe4 18. Nxe4 Rc8 19. h3 Be6 20. Ng5 b6 21. Nf5 Bf8
22. Rfe1 Rd8 23. Qe2 Bxf5 24. Qxe5 Qxe5 25. Rxe5 Bg6 26. Bf1 Rxc2 27. Rc1 Rdxd2
0-1

[Event "Znojemska rotunda 2003"]
[Site "?"]
[Date "????.??.??"]
[Round "1"]
[White "Blazek, Milos"]
[Black "Divis, Jan"]
[Result "1-0"]
[WhiteElo "2090"]
[BlackElo "1681"]
[PlyCount "41"]

1. e4 g6 2. d4 Bg7 3. Nc3 d6 4. f4 Nf6 5. Nf3 O-O 6. e5 dxe5 7. fxe5 Nd5 8. Bc4
Nxc3 9. bxc3 c6 10. O-O b5 11. Bb3 a5 12. Ng5 e6 13. a4 b4 14. Qg4 Ra7 15. Ne4
bxc3 16. Nf6+ Bxf6 17. exf6 e5 18. Qg5 Nd7 19. dxe5 Nc5 20. Be3 Ne4 21. Qh6 1-0

[Event "Znojemska rotunda 2003"]
[Site "?"]
[Date "????.??.??"]
[Round "1"]
[White "Dobes, Oldrich"]
[Black "Kulovany, Radek"]
[Result "1-0"]
[WhiteElo "2043"]
[BlackElo "1450"]
[PlyCount "63"]

1. e4 d5 2. exd5 Nf6 3. Nf3 Nxd5 4. d4 Bg4 5. Be2 Nc6 6. O-O e6 7. h3 Bh5 8. c4
Nb6 9. Be3 Qd7 10. d5 Ne7 11. dxe6 Qxe6 12. Nd4 Bxe2 13. Nxe6 Bxd1 14. Nxc7+
Kd8 15. Nxa8 Nxa8 16. Rxd1+ Kc7 17. Nc3 Nc6 18. Nb5+ Kb8 19. Rd7 a6 20. Bf4+
Kc8 21. Rad1 Bc5 22. R7d5 Be7 23. Rd7 Bc5 24. Nc3 Rd8 25. Rxf7 Nd4 26. Kf1 Ne6
27. Rxd8+ Kxd8 28. Rxb7 Nb6 29. Be3 Bxe3 30. fxe3 Nxc4 31. Ke2 g5 32. b3 1-0

[Event "Znojemska rotunda 2003"]
[Site "?"]
[Date "????.??.??"]
[Round "1"]
[White "Kosik, Jaroslav"]
[Black "Kulovana, Eva"]
[Result "0-1"]
[WhiteElo "1422"]
[BlackElo "2039"]
[PlyCount "58"]

1. e4 e5 2. Nf3 Nc6 3. d4 exd4 4. Nxd4 Bc5 5. Be3 Bb6 6. c3 d6 7. Bc4 Nf6 8. f3
O-O 9. O-O Re8 10. Bf2 Ne5 11. Bb3 d5 12. exd5 Nxd5 13. Re1 Nf4 14. Bc2 Qg5 15.
Bg3 Bf5 16. Bxf5 Qxf5 17. Kh1 Qf6 18. Bxf4 Qxf4 19. Ne2 Qf6 20. Qc2 Rad8 21.
Nd2 Nd3 22. Ne4 Rxe4 23. fxe4 Nf2+ 24. Kg1 Nxe4+ 25. Nd4 Bxd4+ 26. cxd4 Qxd4+
27. Kf1 Nd2+ 28. Ke2 Re8+ 29. Kd1 Nb3+ 0-1

[Event "Znojemska rotunda 2003"]
[Site "?"]
[Date "????.??.??"]
[Round "1"]
[White "Trmac, Radek"]
[Black "Mlensky, Dalibor"]
[Result "0-1"]
[WhiteElo "1663"]
[BlackElo "2085"]
[PlyCount "50"]

1. e4 d5 2. exd5 Qxd5 3. Nc3 Qa5 4. d4 Nf6 5. Bc4 Bg4 6. f3 Bf5 7. Nge2 e6 8.
O-O h5 9. h4 Nbd7 10. Ng3 Bg6 11. Nce4 O-O-O 12. c3 Be7 13. b4 Qb6 14. Qe1 c6
15. Nc5 Rde8 16. a4 Qd8 17. Bxe6 Bxc5 18. Bxd7+ Qxd7 19. Qf2 Bd6 20. Ne2 Nd5
21. Bb2 Ne3 22. Rfc1 Qe7 23. d5 Nf5 24. Re1 Qxh4 25. Qxa7 Bh2+ 0-1

[Event "Znojemska rotunda 2003"]
[Site "?"]
[Date "????.??.??"]
[Round "1"]
[White "Kulovany, Radomir"]
[Black "Komprda, Pavel"]
[Result "0-1"]
[WhiteElo "1483"]
[BlackElo "2055"]
[PlyCount "84"]

1. e4 c5 2. Nf3 Nc6 3. c3 d5 4. exd5 Qxd5 5. Be2 e5 6. d3 Nf6 7. O-O Be7 8.
Nbd2 Bf5 9. Nb3 O-O-O 10. d4 exd4 11. cxd4 cxd4 12. Nfd2 d3 13. Bf3 Qd7 14. Re1
Rhe8 15. Ne4 Nxe4 16. Bxe4 Bb4 17. f3 Bxe1 18. Qxe1 Bxe4 19. fxe4 Qf5 20. Qg3
Rxe4 21. Be3 Qe5 22. Qh3+ f5 23. Bd2 Re2 24. Bc3 Qe3+ 25. Qxe3 Rxe3 26. Rd1 g6
27. Kf1 b6 28. Nd2 Ne5 29. h3 f4 30. Bxe5 Rxe5 31. Kf2 g5 32. Kf3 Re3+ 33. Kg4
Rg3+ 34. Kh5 Rxg2 35. Nf3 Rd5 36. Kh6 Rg3 37. Rc1+ Rc5 38. Rf1 Rxh3+ 39. Kg7
Rxf3 40. Rxf3 d2 41. Rd3 Rc7+ 42. Kf6 Rd7 0-1

[Event "Znojemska rotunda 2003"]
[Site "?"]
[Date "????.??.??"]
[Round "1"]
[White "Adam, Petr sr"]
[Black "Ruzicka, Frantisek"]
[Result "1-0"]
[WhiteElo "2086"]
[BlackElo "1679"]
[PlyCount "57"]

1. e4 g6 2. d4 Bg7 3. c3 d6 4. Nf3 Nf6 5. Bd3 O-O 6. Nbd2 b6 7. O-O Bb7 8. Re1
Nbd7 9. e5 dxe5 10. dxe5 Ng4 11. e6 Nde5 12. exf7+ Kh8 13. Nxe5 Nxe5 14. Bf1
Rxf7 15. Qe2 Qd7 16. Ne4 Raf8 17. f4 Ng4 18. Ng5 Rf6 19. Ne6 Rxe6 20. Qxe6 Qxe6
21. Rxe6 Bf6 22. h3 Nh6 23. g4 Bh4 24. Be3 Bc8 25. Rc6 e5 26. Rxc7 Bg3 27. fxe5
Bxe5 28. Rxc8 Rxc8 29. Bxh6 1-0

[Event "Znojemska rotunda 2003"]
[Site "?"]
[Date "????.??.??"]
[Round "1"]
[White "Docekal, Jan"]
[Black "Spilka, Jaroslav"]
[Result "1-0"]
[WhiteElo "2016"]
[BlackElo "1388"]
[PlyCount "85"]

1. e4 e6 2. Nf3 Nc6 3. d4 d5 4. e5 h6 5. c3 a6 6. Bd3 Be7 7. h4 g6 8. Qc2 Bf8
9. Nbd2 Nce7 10. b4 b5 11. Nb3 Nf5 12. g4 Nfe7 13. a4 Bd7 14. Nc5 c6 15. Nb7
Qc7 16. Nd6+ Qxd6 17. exd6 Nc8 18. Bxg6 Nxd6 19. Bd3 Nf6 20. Ne5 Nc4 21. Bxc4
bxc4 22. Nxd7 Kxd7 23. f3 Bd6 24. Kf2 Rag8 25. b5 a5 26. Ba3 Bc7 27. Qb2 Rb8
28. Bc5 Rb7 29. Rab1 Rhb8 30. bxc6+ Kxc6 31. Qc2 Rb3 32. Rhe1 Bf4 33. Bb4 axb4
34. Rxb3 cxb3 35. Qxb3 Bd6 36. cxb4 Bxb4 37. Rc1+ Kd6 38. Qc2 Nd7 39. g5 hxg5
40. hxg5 Ke7 41. Rb1 Bd6 42. Rxb8 Bxb8 43. a5 1-0

[Event "Znojemska rotunda 2003"]
[Site "?"]
[Date "????.??.??"]
[Round "1"]
[White "Rajnoha, Lubos"]
[Black "Petlak, Josef"]
[Result "0-1"]
[WhiteElo "1383"]
[BlackElo "1923"]
[PlyCount "74"]

1. c4 g6 2. d4 Nf6 3. Nc3 d5 4. Nf3 Bg7 5. Bf4 c6 6. e3 O-O 7. Bd3 dxc4 8. Bxc4
b5 9. Bb3 a5 10. a4 b4 11. Ne2 Bb7 12. Ne5 Nfd7 13. Nxf7 Rxf7 14. Bxf7+ Kxf7
15. Qb3+ e6 16. O-O Nf6 17. Bg5 Qd5 18. Qxd5 cxd5 19. Rac1 Na6 20. b3 Ne4 21.
Bf4 e5 22. Bxe5 Bxe5 23. dxe5 Nd2 24. Rfd1 Nxb3 25. Rc2 Rc8 26. Rxc8 Bxc8 27.
Rxd5 Be6 28. Rd6 Nac5 29. Nd4 Nxd4 30. exd4 Nxa4 31. Ra6 b3 32. Rxa5 b2 33. Rb5
Ba2 34. f4 b1=Q+ 35. Rxb1 Bxb1 36. d5 Nc3 37. d6 Ne2+ 0-1

[Event "Znojemska rotunda 2003"]
[Site "?"]
[Date "????.??.??"]
[Round "1"]
[White "Talpa, Pavel"]
[Black "Rulfova, Zuzana"]
[Result "1-0"]
[WhiteElo "1870"]
[BlackElo "1371"]
[PlyCount "31"]

1. d4 d5 2. e3 Nf6 3. Bd3 Bd7 4. f4 e6 5. Nf3 h6 6. O-O c5 7. c3 c4 8. Bc2 b5
9. Ne5 a6 10. Qf3 Nc6 11. Nd2 Be7 12. g4 O-O 13. g5 Ne8 14. gxh6 gxh6 15. Qh5
Kg7 16. Rf3 1-0

[Event "Znojemska rotunda 2003"]
[Site "?"]
[Date "????.??.??"]
[Round "2"]
[White "Kulovany, Radek"]
[Black "Prokopec, Zdenek"]
[Result "1/2-1/2"]
[WhiteElo "1450"]
[BlackElo "1680"]
[Annotator "Roesner"]
[PlyCount "132"]

1. e4 e5 2. Nf3 Nc6 3. d4 exd4 4. Nxd4 Bc5 5. Nf5 Qf6 6. Nc3 Nge7 7. Ne3 O-O 8.
g3 d6 9. Bg2 a6 10. O-O Be6 11. Kh1 Qg6 12. f4 f5 13. Ned5 Bxd5 14. Nxd5 fxe4
15. Re1 Nxd5 16. Bxe4 Nc3 17. bxc3 Qf6 18. Qf3 Ne5 19. Qh5 Ng6 20. Qd5+ Kh8 21.
Qxb7 Rab8 22. Qd5 Qxc3 23. Bd2 Qd4 24. Be3 Qxd5 25. Bxd5 Bb4 26. Re2 Bc3 27.
Rd1 Ne7 28. Bc4 Nf5 29. Bxa6 Rb2 30. Rd3 Ba5 31. Ra3 Re8 32. Rxa5 Nxe3 33. Kg1
Rxc2 34. Rxc2 Nxc2 35. Bb5 Rc8 36. Bd7 Rd8 37. Ra7 c5 38. a4 Nb4 39. a5 g6 40.
Rb7 d5 41. Bb5 d4 42. a6 Nxa6 43. Bxa6 d3 44. Rb1 d2 45. Rd1 Rd4 46. Kf2 c4 47.
Bxc4 Rxc4 48. Rxd2 Rc7 49. Kf3 Kg7 50. Kg4 Kh6 51. Rd5 Rc2 52. h3 Rc4 53. Kh4
Re4 54. Kg4 Rc4 55. Re5 Rb4 56. Kf3 Rb3+ 57. Re3 Rb4 58. g4 Kg7 59. Re7+ Kg8
60. g5 Rb3+ 61. Re3 Rb4 62. Re4 Rb3+ 63. Kg4 Rb1 64. h4 Rg1+ 65. Kf3 Rh1 66.
Kg3 Kf7 1/2-1/2

[Event "Znojemska rotunda 2003"]
[Site "?"]
[Date "????.??.??"]
[Round "2"]
[White "Kulovana, Eva"]
[Black "Svihel, Karel"]
[Result "1-0"]
[WhiteElo "2039"]
[BlackElo "2136"]
[PlyCount "97"]

1. e4 Nf6 2. e5 Nd5 3. d4 d6 4. c4 Nb6 5. exd6 cxd6 6. Nc3 g6 7. h3 Bg7 8. Nf3
Nc6 9. Be3 O-O 10. Rc1 Bf5 11. Be2 d5 12. c5 Nc4 13. Qb3 N6a5 14. Qb4 b6 15.
Nxd5 Nxe3 16. Nxe3 Nc6 17. Qc4 Nxd4 18. Rd1 b5 19. Qb4 a5 20. Qd2 Nxe2 21. Qxe2
Qc8 22. Qxb5 Be4 23. Nd4 Rd8 24. Qc4 Rb8 25. a3 e5 26. Nb5 Rxd1+ 27. Kxd1 Qd7+
28. Nd6 Bc6 29. Kc1 Ba4 30. b4 Bf8 31. Ne4 Kg7 32. Nc3 axb4 33. axb4 Bc6 34.
Rd1 Qb7 35. Ned5 Qa7 36. b5 Bxd5 37. Rxd5 Rc8 38. Na4 Ra8 39. b6 Qb8 40. c6
Rxa4 41. Qxa4 Qxb6 42. Qc2 Qa6 43. c7 Qa1+ 44. Kd2 Bb4+ 45. Ke2 Qe1+ 46. Kf3
e4+ 47. Kg3 e3 48. c8=Q exf2 49. Qxf2 1-0

[Event "Znojemska rotunda 2003"]
[Site "?"]
[Date "????.??.??"]
[Round "2"]
[White "Stanek, Karel"]
[Black "Havel, Vojtech"]
[Result "0-1"]
[WhiteElo "1629"]
[BlackElo "1364"]
[PlyCount "98"]

1. e4 e5 2. Nf3 Nc6 3. Bb5 d6 4. d4 Bd7 5. d5 Nce7 6. Bxd7+ Qxd7 7. Nc3 f5 8.
Qd3 Nf6 9. exf5 Nxf5 10. Ne4 Nxe4 11. Qxe4 O-O-O 12. Be3 a6 13. Ng5 Re8 14. Ne6
g6 15. O-O-O Ng7 16. Ng5 Be7 17. g4 Bxg5 18. Bxg5 Ref8 19. f3 Rf7 20. Qe3 Kb8
21. Rhf1 Rhf8 22. h3 Qe8 23. Rde1 Qa4 24. Kb1 Qa5 25. Qd3 Ne8 26. Bh6 Rxf3 27.
Qe2 Rxf1 28. Rxf1 Rxf1+ 29. Qxf1 Qxd5 30. Qf8 Qe6 31. Bg5 Ka7 32. Be7 Qd7 33.
Qf7 c6 34. Qxh7 Qe6 35. Bg5 d5 36. Qh4 Nd6 37. Qf2+ d4 38. Bh4 c5 39. Qe2 e4
40. Bg3 Qc4 41. Qe1 Qd5 42. Bxd6 e3 43. Bf4 c4 44. Kc1 Qf3 45. Bg3 d3 46. cxd3
cxd3 47. Qg1 Ka8 48. Be1 Qe2 49. Kb1 Qd1# 0-1

[Event "Znojemska rotunda 2003"]
[Site "?"]
[Date "????.??.??"]
[Round "2"]
[White "Divis, Jan"]
[Black "Kosik, Jaroslav"]
[Result "1/2-1/2"]
[WhiteElo "1681"]
[BlackElo "1422"]
[PlyCount "90"]

1. d4 d5 2. Nf3 e6 3. Bf4 Bd6 4. Bxd6 cxd6 5. e3 Nf6 6. Nbd2 O-O 7. Bd3 Bd7 8.
c4 dxc4 9. Nxc4 Bb5 10. O-O Bxc4 11. Bxc4 d5 12. Bd3 Nbd7 13. Qb3 Qb6 14. Qa3
Rac8 15. Rac1 a6 16. h3 h6 17. b3 Rc6 18. Rxc6 Qxc6 19. Rc1 Qb6 20. Qb2 Nb8 21.
Ne5 Nfd7 22. Nxd7 Nxd7 23. Qc3 Rb8 24. Qc7 Qxc7 25. Rxc7 Nb6 26. a4 Kf8 27. a5
Na8 28. Rc3 Ke7 29. e4 Kd7 30. exd5 exd5 31. Bf5+ Kd6 32. Rf3 Re8 33. Bd3 Re7
34. Kf1 Nc7 35. Bf5 g6 36. Bc8 Nb5 37. Rd3 Rc7 38. Bg4 Rc3 39. Ke2 Rxb3 40. Bc8
Rxd3 41. Kxd3 Kc6 42. Bg4 h5 43. Bd1 Nd6 44. Ba4+ b5 45. axb6+ Kxb6 1/2-1/2

[Event "Znojemska rotunda 2003"]
[Site "?"]
[Date "????.??.??"]
[Round "2"]
[White "Svoboda, Jiri"]
[Black "Dvorak, Libor"]
[Result "1-0"]
[WhiteElo "1825"]
[BlackElo "2074"]
[PlyCount "69"]

1. Nf3 c5 2. c4 Nf6 3. Nc3 g6 4. d4 cxd4 5. Nxd4 Nc6 6. e4 Bg7 7. Nxc6 dxc6 8.
Qxd8+ Kxd8 9. Bf4 Be6 10. Be2 Nd7 11. Rc1 Be5 12. Be3 f6 13. O-O Ke8 14. f4 Bc7
15. c5 Ba5 16. e5 f5 17. Rfd1 Bb4 18. a3 Bxc5 19. Bxc5 Nxc5 20. Nb5 Na6 21. Bf3
Kf7 22. Nd4 Nc7 23. Bxc6 bxc6 24. Rxc6 Rhc8 25. Rdc1 Rd8 26. Nf3 h6 27. Rxc7 a5
28. R1c6 Bd5 29. Rf6+ Ke8 30. Rxg6 Bxf3 31. e6 Kf8 32. gxf3 Rab8 33. Rc2 Rb6
34. Kf1 Rdb8 35. Rcg2 1-0

[Event "Znojemska rotunda 2003"]
[Site "?"]
[Date "????.??.??"]
[Round "2"]
[White "Skovron, Josef"]
[Black "Voborny, David"]
[Result "1-0"]
[WhiteElo "1768"]
[BlackElo "1729"]
[PlyCount "75"]

1. e4 d5 2. exd5 Qxd5 3. Nc3 Qd8 4. Bc4 Nf6 5. Nf3 Bg4 6. h3 Bh5 7. d4 e6 8.
Bg5 Be7 9. g4 Bg6 10. Qe2 O-O 11. O-O-O c6 12. Bxf6 Bxf6 13. h4 h6 14. Qe3 Be7
15. g5 h5 16. Ne5 Bf5 17. Ne2 b5 18. Bd3 Bxd3 19. Qxd3 Qa5 20. Kb1 c5 21. Qf3
Na6 22. Qxh5 cxd4 23. Nxf7 b4 24. Qf3 b3 25. cxb3 Rac8 26. g6 Nb4 27. a3 Nd5
28. Rxd4 Bxa3 29. bxa3 Qxa3 30. Ra4 Qd6 31. Qh5 Nc3+ 32. Nxc3 Qd3+ 33. Ka2 Rxf7
34. gxf7+ Kf8 35. Qh8+ Kxf7 36. Rxa7+ Kg6 37. Qxg7+ Kf5 38. Rf7# 1-0

[Event "Znojemska rotunda 2003"]
[Site "?"]
[Date "????.??.??"]
[Round "2"]
[White "Jurica, Peter"]
[Black "Antos, Jakub"]
[Result "1-0"]
[WhiteElo "2163"]
[BlackElo "1751"]
[PlyCount "75"]

1. Nf3 Nf6 2. d4 e6 3. c4 d5 4. Bg5 Be7 5. e3 Nbd7 6. cxd5 exd5 7. Bd3 c6 8.
O-O O-O 9. Qc2 Re8 10. Nc3 Nf8 11. Rab1 Ne4 12. Bxe7 Qxe7 13. b4 a6 14. a4 Ng6
15. b5 axb5 16. axb5 Ra3 17. Rb3 Rxb3 18. Qxb3 Bg4 19. Bxe4 dxe4 20. Nd2 Be6
21. Qa4 f5 22. Rc1 Qg5 23. bxc6 Nh4 24. g3 bxc6 25. Qxc6 Bf7 26. Kh1 Ng6 27.
Ra1 h5 28. Ra8 Rxa8 29. Qxa8+ Kh7 30. Qa5 Qg4 31. Qc7 Be8 32. Qd8 Bb5 33. Kg2
h4 34. h3 Bf1+ 35. Nxf1 Qf3+ 36. Kg1 hxg3 37. Nxg3 f4 38. Ngxe4 1-0

[Event "Znojemska rotunda 2003"]
[Site "?"]
[Date "????.??.??"]
[Round "2"]
[White "Galvanek, Ladislav"]
[Black "Talpa, Pavel"]
[Result "1-0"]
[WhiteElo "2067"]
[BlackElo "1870"]
[PlyCount "67"]

1. d4 f5 2. Nf3 Nf6 3. g3 e6 4. Bg2 d5 5. O-O Bd6 6. c4 c6 7. b3 O-O 8. Ba3
Bxa3 9. Nxa3 Qd6 10. Qc1 Nbd7 11. Qb2 Ne4 12. Nc2 f4 13. Nce1 fxg3 14. fxg3
Ndf6 15. Ne5 Bd7 16. N1d3 Be8 17. Bf3 Ng5 18. c5 Qe7 19. b4 Nfe4 20. a4 Nxf3+
21. exf3 Ng5 22. b5 Qf6 23. bxc6 Bxc6 24. Qe2 a5 25. Nf4 Qh6 26. h4 Rxf4 27.
gxf4 Nh3+ 28. Kh1 Nxf4 29. Qh2 Rf8 30. Rg1 Qf6 31. Rg4 Ng6 32. Rag1 Bxa4 33.
Qg3 Bc2 34. h5 1-0

[Event "Znojemska rotunda 2003"]
[Site "?"]
[Date "????.??.??"]
[Round "2"]
[White "Skaroupka, Jiri"]
[Black "Holemar, David"]
[Result "1/2-1/2"]
[WhiteElo "2105"]
[BlackElo "2311"]
[PlyCount "44"]

1. d4 Nf6 2. g3 g6 3. Bg2 Bg7 4. e4 O-O 5. Nc3 c5 6. dxc5 Qa5 7. Be3 Qb4 8. Bd2
Qxc5 9. Nge2 d6 10. O-O a6 11. h3 Nbd7 12. Nf4 e6 13. Be3 Qc7 14. Nd3 Rb8 15.
f4 b5 16. g4 b4 17. Ne2 d5 18. e5 Ne4 19. Rc1 Qc4 20. b3 Qc7 21. Qe1 a5 22. c4
bxc3 1/2-1/2

[Event "Znojemska rotunda 2003"]
[Site "?"]
[Date "????.??.??"]
[Round "2"]
[White "Rulfova, Zuzana"]
[Black "Majer, Jiri"]
[Result "1-0"]
[WhiteElo "1371"]
[BlackElo "1572"]
[PlyCount "107"]

1. e4 c5 2. Nc3 Nc6 3. Bc4 Nf6 4. Nf3 d6 5. h3 g6 6. d3 Bg7 7. Bd2 O-O 8. O-O
e6 9. Bg5 a6 10. a3 b5 11. Bb3 Bb7 12. Re1 Ne7 13. Bxf6 Bxf6 14. e5 dxe5 15.
Nxe5 Qc7 16. Nf3 Nf5 17. Rb1 Nh4 18. Nxh4 Bxh4 19. Qg4 Be7 20. Ne2 Rad8 21.
Rbd1 Qc6 22. c3 h5 23. Qg3 Rd7 24. f3 Rfd8 25. Bc2 Qd5 26. d4 cxd4 27. cxd4 Qa2
28. Bxg6 fxg6 29. Qxg6+ Kf8 30. Nf4 Bd5 31. Nxe6+ Bxe6 32. Rxe6 Rxd4 33. Rxd4
Rxd4 34. Rf6+ Bxf6 35. Qxf6+ Ke8 36. Qxd4 Qb1+ 37. Kh2 Qg6 38. Qe4+ Qxe4 39.
fxe4 Ke7 40. Kg3 Ke6 41. Kf4 h4 42. Kg4 Ke5 43. Kxh4 Kxe4 44. Kg5 Kd3 45. h4
Kc2 46. h5 Kxb2 47. h6 Kxa3 48. h7 b4 49. h8=Q Ka2 50. Qa8 b3 51. Qxa6+ Kb2 52.
Kf4 Kc2 53. g4 b2 54. Qb5 1-0

[Event "Znojemska rotunda 2003"]
[Site "?"]
[Date "????.??.??"]
[Round "2"]
[White "Most, Zdenek"]
[Black "Dobes, Oldrich"]
[Result "1/2-1/2"]
[WhiteElo "2089"]
[BlackElo "2043"]
[PlyCount "33"]

1. e4 c5 2. Nf3 d6 3. d4 cxd4 4. Nxd4 Nf6 5. Nc3 a6 6. Be3 Nbd7 7. Be2 e6 8. f4
b5 9. f5 Ne5 10. a3 Bd7 11. O-O Be7 12. h3 Rc8 13. Qe1 O-O 14. Rd1 Qc7 15. g4
Qb7 16. Bd3 Nc4 17. g5 1/2-1/2

[Event "Znojemska rotunda 2003"]
[Site "?"]
[Date "????.??.??"]
[Round "2"]
[White "Kireev, Aleksei"]
[Black "Kubicek, Pavel"]
[Result "1-0"]
[WhiteElo "2276"]
[BlackElo "1821"]
[PlyCount "64"]

1. d4 d5 2. Bg5 Nf6 3. e3 Ne4 4. Bh4 c5 5. f3 g5 6. fxe4 gxh4 7. Nc3 dxe4 8.
dxc5 Qa5 9. Qd4 Rg8 10. b4 Qd8 11. Bb5+ Nd7 12. Qxe4 Bg7 13. Nge2 h3 14. g3 Kf8
15. Rd1 Qc7 16. Qd3 Bxc3+ 17. Nxc3 Nf6 18. Rf1 Bg4 19. Rd2 Qe5 20. Qd4 Qxd4 21.
Rxd4 Be6 22. Be2 a5 23. a3 axb4 24. axb4 Ra3 25. Rd8+ Kg7 26. Rxg8+ Kxg8 27.
Kd2 Kg7 28. Bf3 Bc4 29. Rb1 Ra7 30. Ne4 Nd7 31. Ng5 Ne5 32. Be4 32... Be6 {
(time)} 1-0